Tâm lí học

Na minha lista:
Detalhes bibliográficos
Autor principal: Bùi Văn Huệ
Formato: Livro
Idioma:Undetermined
Publicado em: Hà Nội Đại học Quốc gia Hà Nội 1996
Assuntos:
Tags: Adicionar Tag
Sem tags, seja o primeiro a adicionar uma tag!
Thư viện lưu trữ: Trung tâm Học liệu Trường Đại học Cần Thơ
LEADER 00571nam a2200193Ia 4500
001 CTU_22796
008 210402s9999 xx 000 0 und d
082 |a 150.1 
082 |b H507 
100 |a Bùi Văn Huệ 
245 0 |a Tâm lí học 
245 0 |c Bùi Văn Huệ 
260 |a Hà Nội 
260 |b Đại học Quốc gia Hà Nội 
260 |c 1996 
526 |a Tâm lý học sư phạm,Tâm lý học đại cương 
526 |b SP010,SP009 
650 |a psychology 
980 |a Trung tâm Học liệu Trường Đại học Cần Thơ